000 00351nam a2200145Ia 4500
008 100122s9999 xx 000 0 und d
082 _b34278
_a823
100 _aNAIPAUL V S
245 _aTHE MYSTIC MASSEUR
260 _bANDRE DEUSTCH LTD
_c1978
300 _a214
630 _aTHE MYSTIC MASSEUR
730 _aTHE MYSTIC MASSEUR
942 _cBOOK
999 _c370666
_d370663